000 00387nam a2200157Ia 4500
008 230711s9999||||xx |||||||||||||| ||und||
041 _aENG
082 _a624
_bCA-S
100 _aCain,Jack
245 0 _aStructural mechanics
250 _a1st Ed.
260 _c1990
_aNew Delhi
_bMacMillan Publications Pvt.Ltd
650 _aMechanical Engineering
700 _aHulse,Ray
942 _cBK
999 _c3077
_d3077